One Piece Charaktere mit Königshaki (Manga Spoiler!) - Statistiken

Allgemein
  • Dieses Quiz wurde 1.273 mal gespielt
    155 seit der letzten Aktualisierung
  • Das Durchschnittsergebnis liegt bei 16 aus 28
Antwortstatistiken
Antwort % Korrekt
Monkey D. Ruffy
100%
Kaidou
92%
Charlotte Linlin (aka Big Mom)
90%
Edward Newgate / Whitebeard
90%
Roronoa Zoro
89%
Gol D. Roger
88%
Shanks
87%
Portgas D. Ace
85%
Monkey D. Garp
83%
Silvers Rayleigh
67%
Eustass Kid
63%
Donquixote Doflamingo
59%
Rocks D. Xebec
53%
Boa Hancock
50%
Charlotte Katakuri
50%
Imu
50%
Loki
49%
Kouzuki Oden
46%
St. Jaygarcia Saturn
41%
Joy Boy
38%
St. Marcus Mars
38%
Scopper Gaban
35%
Sengoku
31%
Harald
28%
Yamato
25%
Chinjao
16%
St. Ethanbaron V. Nusjuro
14%
St. Topman Warcury
10%
Keine übereinstimmenden Quizze gefunden
Verteilung der Resultate
Anzahl Personen mit jedem Resultat
Perzentil nach korrekt beantworteten Fragen
Ihre Resultats-Entwicklung
Sie haben dieses Quiz seit der letzten Aktualisierung nicht gespielt